书目信息 |
| 题名: |
钢琴即兴弹唱经典老歌150首
|
|
| 作者: | 刘天礼 , 孙鹏 , 范雪琳 编著 | |
| 分册: | 第二季 | |
| 出版信息: | 北京 化学工业出版社 2024.06 |
|
| 页数: | 209页 | |
| 开本: | 30cm | |
| 丛书名: | ||
| 单 册: | ||
| 中图分类: | J647.41 | |
| 科图分类: | ||
| 主题词: | 钢琴曲--作品集--中国 | |
| 电子资源: | ||
| ISBN: | 978-7-122-45263-4 | |
| 000 | 00984nam0 2200253 450 | |
| 001 | 012987841 | |
| 005 | 20251023095947.20 | |
| 010 | @a978-7-122-45263-4@dCNY68.00 | |
| 100 | @a20240624d2024 em y0chiy0120 ea | |
| 101 | 0 | @achi |
| 102 | @aCN@b110000 | |
| 105 | @ag z 000yy | |
| 106 | @ar | |
| 200 | 1 | @a钢琴即兴弹唱经典老歌150首@9gang qin ji xing tan chang jing dian lao ge 150 shou@e简谱版@h第二季@f刘天礼,孙鹏,范雪琳编著 |
| 210 | @a北京@c化学工业出版社@d2024.06 | |
| 215 | @a209页@d30cm | |
| 330 | @a本书收集了150余首音乐爱好者耳熟能详的歌曲。每首曲目会加上和弦标记,用辨识度高的简谱进行编写,伴奏控制在一升一降以内,让读者上手快,力达原版弹奏效果,让读者能很容易的配出好听的伴奏,轻轻松松边弹边唱。 | |
| 606 | 0 | @a钢琴曲@x作品集@y中国 |
| 690 | @aJ647.41@v5 | |
| 701 | 0 | @a刘天礼@9liu tian li@f(1971-)@4编著 |
| 701 | 0 | @a孙鹏@9sun peng@4编著 |
| 701 | 0 | @a范雪琳@9fan xue lin@4编著 |
| 801 | 0 | @aCN@c20250915 |
| 905 | @a河南城建学院图书馆@dJ647.41@eL683:2@ZL683:2@f1 | |
| 钢琴即兴弹唱经典老歌150首:简谱版.第二季/刘天礼,孙鹏,范雪琳编著.-北京:化学工业出版社,2024.06 |
| 209页;30cm |
| ISBN 978-7-122-45263-4:CNY68.00 |
| 本书收集了150余首音乐爱好者耳熟能详的歌曲。每首曲目会加上和弦标记,用辨识度高的简谱进行编写,伴奏控制在一升一降以内,让读者上手快,力达原版弹奏效果,让读者能很容易的配出好听的伴奏,轻轻松松边弹边唱。 |
| ● |
| 相关链接 |
|
|
|
正题名:钢琴即兴弹唱经典老歌150首
索取号:J647.41/L683:2
 
预约/预借
| 序号 | 登录号 | 条形码 | 馆藏地/架位号 | 状态 | 备注 |
| 1 | 1634782 | 216347825 | 社科库309/309社科库 94排1列3层/ [索取号:J647.41/L683:2] | 在馆 |